书目信息 |
| 题名: |
傅里叶变换光谱
|
|
| 作者: | GUELACHVILI讲授 ;张知廉 编译 | |
| 分册: | ||
| 出版信息: | 北京 北京大学出版社 1990.5 |
|
| 页数: | 121页 | |
| 开本: | 20cm | |
| 丛书名: | ||
| 单 册: | ||
| 中图分类: | O433.5 | |
| 科图分类: | ||
| 主题词: | 光学 | |
| 电子资源: | ||
| ISBN: | 7-301-01121-0 | |
| 000 | 00596nam0 2200205 45 | |
| 001 | 0312221749 | |
| 005 | 20040701153131.9 | |
| 010 | @a7-301-01121-0@dCNY2.10 | |
| 100 | @a20031222d1990 km y0chiy0120 ea | |
| 101 | @achi | |
| 105 | @a z 000yy | |
| 200 | 1 | @a傅里叶变换光谱@AFu Li Ye Bian Huan Guang Pu@f(法)GUELACHVILI讲授@F(Fa)GUELACHVILI Jiang Shou@g张知廉编译 |
| 210 | @a北京@c北京大学出版社@d1990.5 | |
| 215 | @a121页@d20cm | |
| 606 | 0 | @a光学 |
| 690 | @aO433.5@v3 | |
| 701 | 0 | @aGUELACHVILI讲授 |
| 702 | 0 | @a张知廉@4编译 |
| 801 | @aCN@bTSTCL@c20031222 | |
| 905 | @dO433.5@e73@f1@b246691 | |
| 傅里叶变换光谱/(法)GUELACHVILI讲授/张知廉编译.-北京:北京大学出版社,1990.5 |
| 121页;20cm |
| ISBN 7-301-01121-0:CNY2.10 |
| ● |
| 相关链接 |
|
|
|
|
正题名:傅里叶变换光谱
索取号:O433.5/73
 
预约/预借
| 序号 | 登录号 | 条形码 | 馆藏地/架位号 | 状态 | 备注 |
| 1 | 0246691 | 001941732 | 第三借阅区/ [索取号:O433.5/73] | 在馆 | |
| 2 | 0246692 | 001460680 | 第三借阅区/ [索取号:O433.5/73] | 在馆 | |
| 3 | 0246693 | 001460788 | 第二样本阅览室/ [索取号:O433.5/73] | 在馆 |